[Event "AUT-chT2W 0607"]
[Site "Austria"]
[Date "2006.10.21"]
[Round "1"]
[White "Gruber, Michael"]
[Black "Walkner, Olga"]
[Result "0-1"]
[WhiteElo "2138"]
[BlackElo "2135"]
[PlyCount "66"]
[EventDate "2006.10.21"]
[EventType "team"]
[EventRounds "11"]
[EventCountry "AUT"]
[SourceTitle "EXT 2007"]
[Source "ChessBase"]
[SourceDate "2006.11.23"]
[SourceVersion "1"]
[SourceVersionDate "2006.11.23"]
[SourceQuality "1"]

1. e4 c5 2. Nf3 e6 3. Nc3 a6 4. d4 cxd4 5. Nxd4 Qc7 6. Bd3 Nf6 7. 0-0 Nc6 8. Be3 Be7 9. Kh1 d6 10. f4 Bd7 11. Qf3 Nxd4 12. Bxd4 Bc6 13. Qf2 0-0 14. e5 Nd7 15. Rae1 g6 16. Qg3 b5 17. Qh3 dxe5 18. fxe5 Bc5 19. Bxc5 Nxc5 20. Rf4 f5 21. Qe3 Bb7 22. Be2 Rad8 23. a4 bxa4 24. Rc4 Rc8 25. Nxa4 Qa5 26. Ra1 Nd7 27. b4 Qd5 28. Qf3 Qxf3 29. Bxf3 Rxc4 30. Bxb7 Rxb4 31. Bxa6 Ra8 32. c3 Rbb8 33. Bc4 Nc5 0-1